Berlin in the cold war, 1948 - 90 documents on British policy overseas, series III, vol. VI

Saved in:
Bibliographic Details
Main Author: Patrick Salmon
Format: Book
Published: 2008
Tags: Add Tag
No Tags, Be the first to tag this record!
Call Number :

MARC

LEADER 00000pam a2200000 4500
001 26687
003 MY-KLNDU
005 20241218082111.0
020 0 0 |a 9780415455329 
035 |a 0000034982 
039 9 |a 200911181200  |b VLOAD  |y 200910091754  |z VLOAD 
100 0 0 |a Patrick Salmon 
245 0 0 |a Berlin in the cold war, 1948 - 90  |b documents on British policy overseas, series III, vol. VI 
260 0 0 |a 2008 
591 |a 0000005670  |b 19/11/08  |c 0198-07  |d 1  |e RM462  |f 1  |g 462  |h INTRABAKTI SD.BHD. 
999 |a vtls000036241  |c 26687  |d 26687